[Event "Oslo Chess Festival 2018"]
[Site "Oslo"]
[Date "2018.09.30"]
[Round "1"]
[White "Wright, Haakon"]
[Black "Cherniaev, Alexander"]
[Result "0-1"]
[WhiteElo "1829"]
[BlackElo "2384"]
[Annotator "TA"]
[PlyCount "116"]
[EventDate "2018.09.30"]
[EventCountry "NOR"]
[SourceTitle "playchess.com"]
[Source "ChessBase"]
[SourceQuality "1"]

{[%evp 13,115,18,25,-15,-15,-30,-30,-31,-31,-37,-34,-37,-30,-43,-19,-42,-37,-38,-15,-21,-16,-53,-27,-58,-28,-28,-29,-19,-28,-65,-45,-64,-59,-62,-43,-49,-35,-97,-39,-64,-49,-75,-64,-65,-55,-55,-55,-53,-35,-35,-35,-35,-35,-35,-35,-53,-47,-60,-35,-35,-35,-35,0,-37,-41,-44,0,0,0,0,0,-51,-60,-141,-148,-146,-154,-191,-184,-245,-198,-181,-175,-160,-147,-199,-190,-195,-175,-398,-389,-393,-367,-389,-370,-424,-404,-335,-286,-259,-271,-689,-706,-29999]} 1. d4 Nf6 2. Bf4 d6 3. Nc3 Nbd7 4. Nf3 Nh5 5. Bd2 e5 6. e4 Nhf6 7. Bg5 c6 {LiveBook: 39 Partien} 8. dxe5 {B07: Pirc-Ufimzew-Verteidigung} (8. Bc4 Be7 9. O-O O-O 10. Re1 b5 11. Bd3 a6 12. Ne2 Re8 13. Ng3 g6 14. c3 Bb7 15. a4 Bf8 16. Qb3 h6 17. Bd2 Nb6 18. axb5 cxb5 {0-1 (51) Sergeyev,A (2389)-Neuman,P (2488) Pardubice 2014}) 8... dxe5 9. Qd2 Be7 10. Be2 {Schwarz hat minimalen Vorteil.} O-O 11. O-O Qc7 12. Rfd1 $146 ({Vorgänger:} 12. Rad1 Nc5 13. Bxf6 Bxf6 14. Qd6 Qxd6 15. Rxd6 a5 16. Rfd1 {½-½ (50) Morales Rubiella,A (1672)-Membrives Pino,D (1840) Barcelona 2018}) 12... b5 13. a3 Nc5 {[%cal Bd7c5,Bc5e6,Be6f4][%mdl 32]} 14. Qe3 Ne6 15. Bh4 Nf4 16. Bf1 Be6 17. Ng5 Ng4 18. Nxe6 Nxe6 (18... fxe6 {with more complications.} 19. Qg3 Nxf2 20. Qxf2 Ng6 21. Qe3 Nxh4 22. Be2 Bd6) 19. Qg3 {[#] zielt auf Lxe7 ab.} Bxh4 20. Qxh4 Nf6 21. Bd3 a6 22. Ne2 c5 {[%cal Bc6c5,Bc5c4][%mdl 32] [#] Droht ...c4 und aus.} 23. c3 c4 24. Bc2 Rfd8 25. Qg3 ({Besser ist} 25. Ng3 $15) 25... g6 (25... Rxd1+ $17 26. Rxd1 Rd8) 26. h3 Qc5 27. Kf1 Kg7 28. Ng1 Nh5 29. Qf3 Ng5 30. Qg4 h6 31. h4 Nf6 32. Qe2 Ne6 33. g3 a5 34. Rxd8 Rxd8 35. Rd1 Rb8 36. Nf3 Rb7 37. Nd2 h5 38. f3 Nd7 39. Qf2 Nb6 40. Qxc5 Nxc5 41. Ke2 Nba4 42. Bxa4 ({Lieber} 42. Rb1 $1 $11) 42... Nxa4 $11 {[%mdl 4096] Endspiel KTS-KTS} 43. Rb1 (43. Nf1 $15) 43... Rd7 $17 44. Ke1 Rd3 45. Ke2 f6 46. Ke1 (46. Kd1 $142) 46... f5 47. exf5 gxf5 48. Rc1 Kf6 49. Rc2 (49. Rb1 $17) 49... Nc5 $19 50. Kf2 Ke6 51. Nf1 $2 (51. Ke2 {war nötig.}) 51... Rd1 52. Ke2 Rb1 53. Ne3 Rh1 54. Rd2 {beabsichtigt Td5.} Nd3 {[%csl Gd3][%cal Rh1e1]} 55. Nf1 e4 56. fxe4 fxe4 57. Rc2 $2 (57. a4 e3 58. Nxe3 Rh2+ 59. Kd1 Nxb2+ 60. Kc2 Rxd2+ 61. Kxd2 Nxa4 62. g4) 57... Rg1 58. Nd2 Re1# {Precision: Weiß = 50%, Schwarz = 56%.} 0-1

[Event "Oslo Chess Festival 2018"]
[Site "Oslo"]
[Date "2018.09.30"]
[Round "1"]
[White "Flatebo, Hallvard Haug"]
[Black "Haug, Johannes"]
[Result "1/2-1/2"]
[WhiteElo "1799"]
[BlackElo "2391"]
[Annotator "TA"]
[PlyCount "75"]
[EventDate "2018.09.30"]
[EventCountry "NOR"]
[SourceTitle "playchess.com"]
[Source "ChessBase"]
[SourceQuality "1"]

{[%evp 11,75,0,14,6,9,-42,-42,-37,-51,-46,-64,-64,-60,-62,-65,-133,-124,-185,-39,-39,-60,-56,-63,-53,31,33,25,35,46,38,42,36,55,55,71,60,76,54,51,51,52,56,63,58,71,59,110,110,130,89,90,71,75,75,78,58,57,0,61,58,71,68,71,67,83,0]} 1. d4 Nf6 2. Nf3 e6 3. g3 b5 4. Bg2 d5 5. O-O Nbd7 6. b3 {A46: Damenbauernspiele} Ba6 {LiveBook: 7 Partien} 7. Bb2 c5 8. dxc5 $146 (8. Nbd2 $11) ({Vorgänger:} 8. Nbd2 Rc8 9. Re1 cxd4 10. Nxd4 Bc5 11. c3 O-O 12. e4 dxe4 13. Nxe4 Nxe4 14. Bxe4 {0-1 (32) Kolbus,D (2355)-Dautov,R (2596) Germany 2009}) 8... Bxc5 $15 9. Nbd2 O-O 10. Rc1 Rc8 11. c4 bxc4 12. bxc4 dxc4 13. Qa4 {[#]} (13. Bxf6 $1 $15 Nxf6 14. Qa4) 13... Qb6 $1 $17 14. Bxf6 (14. Bc3 $17) 14... Nxf6 (14... Bb5 $19 15. Qc2 Nxf6) 15. Nxc4 $15 Qb5 16. Qxb5 Bxb5 17. Nfe5 Bd4 (17... Nd5 $15) 18. Nd6 $1 $36 {[%cal Rd6c8][%mdl 2048] Weiss hat gut koordiniertes Spiel.} Rxc1 19. Rxc1 {[#] Und Sf3 würde nun gewinnen.} Bxe5 ({Falsch wäre} 19... Bxe2 $2 20. Nc6 $18) 20. Nxb5 a6 21. Na7 $1 g6 22. Bb7 Kg7 23. Nc6 Bd6 24. Bxa6 Ra8 25. Bc4 $1 Ne4 26. Bb3 Rc8 27. e3 Bc5 28. Nd4 e5 ({Günstiger ist} 28... Rb8 $14) 29. Nf3 $16 f6 30. Rc2 Rc7 31. Kg2 Bb6 32. Rxc7+ Bxc7 {[%mdl 4096] Endspiel KLS-KLS} 33. Bd5 Nc3 34. Bb3 Ne4 $1 35. Ne1 Kf8 36. Nd3 Bd6 37. Kf3 Nc3 {Droht ...e4+ und aus.} 38. Kg2 {Precision: Weiß = 55%, Schwarz = 39%.} ({Besser ist} 38. Nb2 $16) 1/2-1/2

[Event "Oslo Chess Festival 2018"]
[Site "Oslo"]
[Date "2018.10.01"]
[Round "2"]
[White "Movsziszian, Karen"]
[Black "Nilsen, Tobias Lang"]
[Result "1-0"]
[WhiteElo "2523"]
[BlackElo "2137"]
[Annotator "TA"]
[PlyCount "59"]
[EventDate "2018.09.30"]
[EventCountry "NOR"]
[SourceTitle "playchess.com"]
[Source "ChessBase"]
[SourceQuality "1"]

{[%evp 19,59,42,46,33,51,10,18,0,25,14,14,8,30,19,75,69,77,25,168,103,115,131,114,120,203,179,185,197,485,308,368,360,460,433,680,642,1706,1616,29990,29991,29991,29992]} 1. g3 e5 2. c4 Nf6 3. Bg2 Nc6 4. Nc3 Bb4 5. Nd5 Bc5 6. e3 O-O 7. Ne2 a6 {A25: English Opening vs King's Indian with ...Nc6 but without early d3} (7... Nxd5 8. cxd5 Ne7 9. b3 c6 10. Bb2 Nxd5 11. Bxe5 Nc7 12. Qc2 Ne6 13. Nf4 Qe7 14. Nxe6 dxe6 15. O-O Bd7 16. Rab1 {½-½ (41) Harikrishna,P (2740)-Yilmaz,M (2582) Kocaeli 2015}) 8. O-O d6 9. b3 Ba7 10. Bb2 Re8 {LiveBook: 3 Games} 11. d3 Nd7 $146 ({Predecessor:} 11... Nxd5 12. cxd5 Ne7 13. d4 Bg4 14. dxe5 dxe5 15. h3 Bxe2 16. Qxe2 {1-0 (57) Ostenstad,B (2462)-Moen,A (2333) Oslo 2011}) 12. Kh1 Ne7 13. Qd2 c6 14. Ndc3 Nf6 15. d4 Qc7 16. Rad1 Bd7 (16... Bf5 $11 {keeps the balance.}) 17. dxe5 $16 dxe5 18. Ba3 (18. Ne4 $16 Nxe4 19. Qxd7 (19. Bxe4 Rad8 $11) 19... Qxd7 20. Rxd7) 18... Nf5 {[#]} (18... Rad8 $11 {and Black has nothing to worry.}) 19. Ne4 ({White should try} 19. g4 $1 $18 {[%mdl 512] Hoping for g5.} Nh4 (19... Nxg4 20. Qxd7) 20. g5 Nxg2 21. gxf6 (21. Kxg2 Qc8 $11)) 19... Rad8 20. Nxf6+ gxf6 21. Nc3 {[%cal Be2c3,Bc3e4,Be4d6][%mdl 32]} Kg7 (21... Be6 $16 22. Qe2 Qa5) 22. Qe2 $36 {[%mdl 2048] White is on the roll.} Nh6 {[#]} 23. Ne4 $1 f5 $2 (23... Bg4 {was necessary.} 24. f3 Bd7) 24. Nd6 Re6 25. Rd2 c5 26. Rfd1 ({Less strong is} 26. Nxb7 Rde8 $18) 26... e4 (26... Bc8 $142) 27. Bb2+ $18 Kg6 {[#]} 28. Nxf5 $1 {[%mdl 512]} Nxf5 (28... Kxf5 29. Qh5#) 29. Qg4+ Kh6 30. Qxf5 {Precision: White = 53%, Black = 13%.} 1-0

[Event "Oslo Chess Festival 2018"]
[Site "Oslo"]
[Date "2018.10.01"]
[Round "2"]
[White "Pakleza, Zbigniew"]
[Black "Skotheim, Andreas"]
[Result "1/2-1/2"]
[WhiteElo "2502"]
[BlackElo "2160"]
[Annotator "TA"]
[PlyCount "104"]
[EventDate "2018.09.30"]
[EventCountry "NOR"]
[SourceTitle "playchess.com"]
[Source "ChessBase"]
[SourceQuality "1"]

{[%evp 19,104,22,20,26,29,30,35,13,16,-14,21,-24,43,28,100,101,96,97,111,105,105,104,113,38,74,68,76,32,68,72,85,70,74,62,56,51,51,51,51,52,52,58,56,70,76,43,120,132,126,117,122,76,110,90,93,103,108,0,0,0,2,2,2,2,2,2,3,5,8,8,8,8,8,2,2,2,2,2,2,2,2,0,0,0,0,0,0]} 1. Nf3 Nf6 2. c4 e6 3. g3 d5 4. b3 b6 5. Bg2 Bb7 6. Bb2 {A13: English Opening: 1...e6} Bd6 7. O-O O-O 8. Nc3 a6 9. e3 Nbd7 10. Qe2 Qe7 {LiveBook: 3 Games} 11. Nh4 $146 ({Predecessor:} 11. d4 Rac8 12. Rfd1 Rfd8 {0-1 (52) Wei,Y (2734)-Wang,H (2710) Tianjin 2018}) 11... Ba3 12. Bxa3 Qxa3 13. f4 Ne4 14. f5 Qb2 15. Rac1 Ndc5 (15... Nxc3 $11 16. Rxc3 c5) 16. cxd5 $14 exd5 (16... Nxc3 $11 {remains equal.} 17. Rxc3 Bxd5) 17. d4 $16 Qxe2 18. Nxe2 Nd3 19. Rxc7 Rab8 20. Nf4 Nxf4 21. gxf4 ({Better is} 21. exf4 $16 Nd6 22. a4) 21... Nd6 22. Rfc1 Rfd8 23. Kf2 (23. f6 $5) 23... Kf8 24. f6 gxf6 25. Bh3 Bc8 26. Bxc8 Rbxc8 27. R7c6 Ke8 28. Kf3 $36 {[%mdl 2048] White is more active.} Kd7 29. Rxc8 Nxc8 $14 {[%mdl 4096] Endgame KRN-KRN} 30. Nf5 Nd6 31. Nxd6 Kxd6 {KR-KR} 32. e4 dxe4+ (32... f5 $14) 33. Kxe4 $16 Re8+ 34. Kf5 Re2 35. Kxf6 Rxa2 36. f5 Rxh2 37. Kxf7 {Threatens to win with f6.} h5 {[#]} 38. Rc8 (38. Re1 $1 $16) 38... h4 $11 {The position is equal.} 39. Rd8+ Kc7 40. Rh8 {Black should prevent Ke6.} Kd7 41. Kf6 Kd6 42. Kg5 Rg2+ 43. Kf4 Rf2+ 44. Ke4 {With the idea Rh6+.} Re2+ 45. Kf3 Rb2 46. Rh6+ Kd5 47. Rxb6 {[#] Black must now prevent f6.} h3 48. Rxa6 Kxd4 49. Rh6 Ke5 50. Rxh3 Rxb3+ 51. Kg4 Rxh3 52. Kxh3 Kxf5 {Precision: White = 52%, Black = 59%.} 1/2-1/2

[Event "Oslo Chess Festival 2018"]
[Site "Oslo"]
[Date "2018.10.01"]
[Round "2"]
[White "Holm, Kristian Stuvik"]
[Black "Gonzalez, Francisco Silva"]
[Result "1-0"]
[WhiteElo "2474"]
[BlackElo "2145"]
[Annotator "TA"]
[PlyCount "77"]
[EventDate "2018.09.30"]
[EventCountry "NOR"]
[SourceTitle "playchess.com"]
[Source "ChessBase"]
[SourceQuality "1"]

{[%evp 22,77,58,43,58,47,48,47,51,6,35,6,51,29,49,24,21,27,35,16,8,7,37,0,13,0,9,12,32,6,45,45,79,59,44,33,77,86,156,156,153,161,273,185,419,431,580,570,632,634,968,934,1212,1203,6249,5622,2330,2257]} 1. d4 Nf6 2. c4 e6 3. Nc3 Bb4 4. Qc2 d5 5. cxd5 exd5 6. Bg5 h6 7. Bh4 c5 8. dxc5 {E35: Nimzoindisch (4.Dc2)} Nbd7 (8... O-O 9. e3 Be6 10. Nf3 Nbd7 11. Be2 Rc8 12. c6 bxc6 13. O-O Qa5 14. Nd4 Bd6 15. Rfd1 Rfe8 {0-1 (75) Vidit,S (2718)-Le,Q (2728) Danzhou 2018}) 9. e3 O-O 10. Bd3 Nxc5 11. Nge2 Be6 12. O-O {LiveBook: 6 Partien} Rc8 13. Rfd1 g5 14. Bg3 Qe7 $146 ({Vorgänger:} 14... Nce4 15. Bxe4 Nxe4 {1-0 (30) Horton,J (2178)-Willson,O (2032) Llandudno 2017}) 15. f3 Rfd8 16. Rac1 Ba5 17. Nd4 Bd7 18. Nf5 Bxf5 $1 19. Bxf5 Rc6 20. Kh1 (20. Bf2 {keeps more tension.} Ne6 21. Qb3 Ng7 22. Bb1 g4 23. Rc2) 20... Bxc3 21. bxc3 Ncd7 22. Qd2 Nb6 23. Qd4 $36 {[%mdl 2048] Weiss kämpft um Vorteil.} Re8 24. Re1 Qa3 25. Bb1 Rce6 26. h4 Qe7 27. hxg5 hxg5 28. Bf2 Qf8 29. g4 Rc8 (29... Nc4 $142) 30. Bf5 $16 Rc4 31. Qd2 Rec6 (31... Re8 $142 32. Kg2 Qg7) 32. e4 Qh6+ $2 {[#]} (32... dxe4 33. Qxg5+ Qg7 34. Qxg7+ Kxg7) 33. Kg2 $18 dxe4 {Weiß steht klar auf Gewinn.} 34. fxe4 Ne8 35. Rh1 {[%cal Be1h1,Bh1h7,Bh7h8][%mdl 32]} Qg7 36. Rh7 Qf6 37. Rch1 Kf8 {[#]} 38. e5 $1 {[%mdl 512]} Qxe5 39. Rh8+ {Precision: Weiß = 62%, Schwarz = 27%.} 1-0

[Event "Oslo Chess Festival 2018"]
[Site "Oslo"]
[Date "2018.10.01"]
[Round "2"]
[White "Cherniaev, Alexander"]
[Black "Lindbol, Aleksander"]
[Result "1/2-1/2"]
[WhiteElo "2384"]
[BlackElo "2166"]
[Annotator "TA"]
[PlyCount "92"]
[EventDate "2018.09.30"]
[EventCountry "NOR"]
[SourceTitle "playchess.com"]
[Source "ChessBase"]
[SourceQuality "1"]

{[%evp 29,92,9,16,13,8,5,17,14,29,21,22,30,78,70,81,79,58,46,93,51,67,42,93,93,129,120,130,127,129,127,127,135,148,148,149,149,151,139,142,144,139,149,148,139,152,138,145,73,213,184,175,16,20,0,0,0,0,0,0,0,0,0,0,0,6]} 1. d4 Nf6 2. c4 e6 3. g3 d5 4. Nf3 Be7 5. Bg2 O-O 6. O-O dxc4 7. Qa4 a6 8. Qxc4 b5 9. Qc2 Bb7 10. Bd2 Be4 11. Qc1 Bb7 12. Bf4 Nd5 13. Rd1 {E05: Open Catalan: 5 Nf3 Be7} (13. Nc3 Nxf4 14. Qxf4 Qd6 15. Ne5 Bxg2 16. Kxg2 Nd7 17. Rac1 Nxe5 18. dxe5 Qb6 19. Ne4 Rad8 20. Rfd1 c5 {½-½ (32) Can,E (2586)-Abasov,N (2577) Kocaeli 2017}) 13... Nd7 14. Nc3 Nxf4 15. Qxf4 Bd6 {LiveBook: 37 Games} 16. Ne5 Bxg2 17. Kxg2 f6 18. Nc6 Bxf4 19. Nxd8 Rfxd8 20. gxf4 f5 21. Rac1 $146 Nf6 22. e3 Rac8 23. b4 Kf7 24. a3 h6 25. Nb1 Nd5 (25... g5 $14) 26. h4 $16 Ke7 27. Nd2 Nb6 28. Kf3 g6 29. Ke2 c6 30. Rg1 Kf6 31. Nf3 Nc4 32. Ne5 Nxe5 33. fxe5+ {[%mdl 4096] Endgame KRR-KRR} Kf7 34. Rc2 Rc7 35. Rgc1 Rdc8 36. f3 g5 37. hxg5 hxg5 38. e4 (38. Kd3 $142) 38... Kg6 (38... fxe4 $16 {is a better defense.} 39. fxe4 Rd7) 39. d5 $18 {[%cal Rc2c6]} fxe4 40. fxe4 $2 {[#]} ({White must play} 40. Rxc6 $18 exf3+ 41. Kxf3 Rxc6 42. Rxc6 Rf8+ 43. Ke3) 40... exd5 $11 {The position is equal.} 41. exd5 Kf5 42. Rxc6 Rxc6 43. Rxc6 Re8 $1 44. e6 Ke5 45. d6 {[#] aiming for d7.} Kxe6 46. Rxa6 Rd8 {Precision: White = 56%, Black = 34%.} 1/2-1/2

[Event "Oslo Chess Festival 2018"]
[Site "Oslo"]
[Date "2018.10.01"]
[Round "2"]
[White "Mikalsen, Erlend"]
[Black "Lillevold, Frode"]
[Result "1-0"]
[WhiteElo "2332"]
[BlackElo "2063"]
[Annotator "TA"]
[PlyCount "95"]
[EventDate "2018.09.30"]
[EventCountry "NOR"]
[SourceTitle "playchess.com"]
[Source "ChessBase"]
[SourceQuality "1"]

{[%evp 14,95,0,0,25,0,0,0,0,0,30,17,14,11,23,2,0,7,8,0,0,0,0,0,0,0,0,0,9,0,0,0,0,-8,-13,-5,-4,-16,0,-15,-10,-13,9,7,41,0,28,31,35,36,32,25,35,5,53,53,53,33,35,0,0,0,0,0,116,0,543,539,525,528,509,484,497,457,547,540,1775,489,593,586,2875,2730,2899,2581]} 1. e4 e5 2. Nc3 Nf6 3. Bc4 Nxe4 4. Qh5 Nd6 5. Bb3 Be7 6. Qxe5 O-O {C27: Vienna Game: 2...Nf6 3 Bc4 Nxe4} 7. Nf3 Nc6 8. Qf4 {LiveBook: 3 Games} Ne8 $146 {The position is equal.} ({Predecessor:} 8... Na5 9. O-O Nxb3 10. axb3 b6 11. Nd5 Re8 12. d3 Bf8 13. Qg4 f6 14. Bd2 {0-1 (51) Forcen Esteban,D (2569)-Rakhmanov,A (2629) Linares 2018}) 9. O-O Nf6 10. Nd5 Nxd5 11. Bxd5 d6 {[%cal Bd7d6,Bd6d5][%mdl 32]} (11... Nb4 {with more complications.} 12. Bb3 d5 13. d4 Bd6 14. Qd2 Bf5) 12. Re1 Be6 13. Bxe6 fxe6 14. Qc4 d5 15. Qg4 e5 16. Nxe5 Nxe5 17. Rxe5 Bd6 $1 {[%cal Rd6e5]} 18. Re2 Qf6 19. d4 Rae8 {( -> ...Qxf2+!)} 20. Be3 Re4 21. Qh5 Qe6 22. Rae1 {Strongly threatening f3.} g6 23. Qh3 Qxh3 24. gxh3 Rfe8 25. c3 c6 26. Kg2 Kf7 27. Rd2 b5 28. Ra1 Kf6 29. Rc2 Kf5 30. a4 {And now axb5 would win.} a6 31. axb5 axb5 32. Ra6 Rc8 33. b4 Bf4 34. Bxf4 Kxf4 $14 {[%mdl 4096] Endgame KRR-KRR} 35. Ra7 h5 36. h4 {Hoping for Rf7+.} Rf8 $1 37. Rc7 Rf6 38. h3 Re1 {[#]} (38... Kf5 $11 {keeps the balance.}) 39. Rc8 ({White should play} 39. Rd2 $1 $16) 39... Rfe6 $2 {[%mdl 8192]} (39... g5 $11 {and Black is okay.}) 40. Rf8+ $18 {White is clearly winning.} Ke4 {[#] aiming for ...Kd3.} 41. Rd2 $1 Re7 42. Rf6 Re8 43. Rxc6 Kf5 44. Rd3 {Rf3+ would kill now.} R1e6 45. Rc5 (45. Rf3+ $142 Ke4 46. Rc7) 45... g5 46. Rf3+ Ke4 47. hxg5 h4 48. Rxb5 {Precision: White = 52%, Black = 54%.} 1-0

[Event "Oslo Chess Festival 2018"]
[Site "Oslo"]
[Date "2018.10.01"]
[Round "2"]
[White "Nordquelle, Daniel"]
[Black "Dziuba, Marcin"]
[Result "0-1"]
[WhiteElo "2235"]
[BlackElo "2573"]
[Annotator "TA"]
[PlyCount "50"]
[EventDate "2018.09.30"]
[EventCountry "NOR"]
[SourceTitle "playchess.com"]
[Source "ChessBase"]
[SourceQuality "1"]

{[%evp 11,50,6,15,15,35,4,15,-56,-51,-57,0,0,0,0,-10,-16,0,-17,-7,0,0,-13,-11,-6,-14,-26,-12,-91,-91,-178,-183,-279,-285,-411,-414,-423,-410,-425,-424,-429,-418]} 1. e4 c5 2. Nf3 d6 {[%cal Bd7d6,Bd6d5,Bd5d4][%mdl 32]} 3. d4 cxd4 4. Nxd4 Nf6 5. f3 e5 6. Nb3 d5 {LiveBook: 263 Games} 7. Bg5 {B55: Sicilian: 2...d6 3 d4 cxd4 4 Nxd4 Nf6 5 f3} Be6 8. Bb5+ (8. Bxf6 $5 gxf6 9. exd5 Qxd5 10. Qxd5 Bxd5 11. Nc3 $11) (8. Bxf6 gxf6 9. exd5 Qxd5 10. Qxd5 Bxd5 11. Nc3 Be6 12. Nb5 Kd8 13. O-O-O+ Kc8 14. Nc3 Nd7 15. Nd5 h5 16. Bb5 Bxd5 17. Bxd7+ Kxd7 18. Rxd5+ Ke6 19. Rhd1 h4 20. Kb1 Rg8 21. c4 Rxg2 22. Nd4+ Ke7 23. f4 Rxh2 24. Nf5+ Ke6 25. Nd4+ Ke7 26. Nf5+ Ke6 {½-½ (26) Nabaty,T (2690)-Sjugirov,S (2652) Batumi 2018}) 8... Nc6 9. Nc3 (9. exd5 $11 Qxd5 10. Nc3) 9... d4 $15 10. Na4 $146 ({Predecessor:} 10. Ne2 Qb6 11. Bd3 Nb4 12. O-O h6 13. Bxf6 gxf6 14. f4 Nxd3 15. cxd3 {0-1 (30) Molchanova,T (2346)-Sandu,M (2253) Gaziantep 2012}) 10... Rc8 {...a6 is the strong threat.} 11. c3 $1 a6 12. Bxc6+ $1 Rxc6 13. cxd4 Bb4+ 14. Kf1 $1 {[#] And now d5 would win.} Bc4+ 15. Kg1 b5 $36 {[%mdl 2048] Black has some pressure.} 16. dxe5 {Hoping for Qxd8+.} Qxd1+ 17. Rxd1 {Strongly threatening Nd4.} bxa4 18. Nd4 $1 {[%cal Rd4c6]} (18. exf6 $2 axb3 19. Kf2 (19. Rd8+ $2 Kxd8 20. fxg7+ Kd7 $19) 19... gxf6 $19) 18... Rc5 {Threatens to win with ...0-0.} 19. a3 (19. h4 $1 $11 {remains equal.} Nd7 20. Nf5) 19... Ba5 $17 20. Nf5 {[#]} (20. h4 $17 {was necessary.} Rxe5 21. Rc1) 20... O-O $1 $19 ({Worse is} 20... Rxe5 21. Nd6+ (21. Nxg7+ $2 Kf8 $19) 21... Kf8 22. Nxc4 $11) 21. h4 (21. Ne7+ {is a better defense.} Kh8 22. Be3 Rxe5 23. Nc6) 21... Rxe5 22. Rh3 (22. Kh2 {might work better.}) 22... Be6 23. g4 Bxf5 24. gxf5 Nh5 25. Rh2 h6 {Precision: White = 41%, Black = 78%.} 0-1

[Event "Oslo Chess Festival 2018"]
[Site "Oslo"]
[Date "2018.10.01"]
[Round "2"]
[White "Vitenberg, Noam Aviv"]
[Black "Stella, Andrea"]
[Result "1/2-1/2"]
[WhiteElo "2175"]
[BlackElo "2500"]
[Annotator "TA"]
[PlyCount "116"]
[EventDate "2018.09.30"]
[EventCountry "NOR"]
[SourceTitle "playchess.com"]
[Source "ChessBase"]
[SourceQuality "1"]

{[%evp 31,116,8,7,0,0,0,10,-4,-8,-21,26,-6,7,-25,-11,-34,-27,-49,-23,-39,-12,-28,-14,-18,-22,-35,-29,-39,-30,-32,-40,-45,-41,-65,-65,-62,-45,-42,-28,-39,-28,-28,0,-31,-28,-28,-28,-28,-28,-29,-29,-29,0,-29,-29,-29,-29,-37,-40,-42,0,-8,0,-1,0,0,0,0,0,0,0,0,0,0,0,0,0,0,0,0,0,0,0,0,0,0,0]} 1. d4 Nf6 2. c4 g6 3. g3 Bg7 4. Bg2 d5 5. cxd5 Nxd5 6. Nf3 Nb6 7. Nc3 Nc6 8. e3 O-O 9. O-O e5 10. d5 Na5 11. e4 c6 12. Bg5 f6 13. Be3 cxd5 14. Bxb6 Qxb6 15. Nxd5 Qd8 16. Rc1 Nc6 17. b4 {D76: Fianchetto Grünfeld: Main Line with 7...Nb6} (17. Qb3 Rf7 18. Rfd1 Be6 19. h4 Rc8 20. Kh2 Kh8 21. Bh3 Bxh3 22. Kxh3 Qe8 23. Kg2 Rd8 24. Qc4 Rfd7 {1-0 (39) Swiercz,D (2655)-Valsecchi,A (2492) Civitanova Marche 2016}) 17... Bg4 18. Qb3 {[#] And now Nxf6+ would win.} Rf7 19. b5 Na5 $1 {[%cal Ra5b3]} 20. Qe3 Be6 $146 ({Predecessor:} 20... b6 21. h3 Be6 22. g4 Rc8 23. Rxc8 Qxc8 24. Rc1 Qb8 {1-0 (39) Loshakov,E-Sychov,A (2295) ICCF email 2012}) 21. Nd2 f5 22. Nb3 Nxb3 23. axb3 (23. Qxb3 {seems wilder.} Bxd5 24. exd5 Qd6 25. a4 e4 26. Rfd1) 23... Bxd5 24. exd5 e4 25. Rfd1 Rd7 26. Bf1 Qb6 (26... Bf6 {with more complications.} 27. Rc5 Kg7 28. Qc1 Be5 29. d6 Qf6) 27. Qxb6 axb6 28. Rc2 Kf8 29. Bc4 Ke7 30. f3 Kd6 31. Kg2 Re7 32. h3 exf3+ 33. Kxf3 Rae8 34. Re2 Rxe2 35. Bxe2 $15 {[%mdl 4096] Endgame KRB-KRB} h5 36. Bc4 Bh6 37. Rd3 Re4 38. Kg2 Bg7 39. Rf3 Be5 40. Kf2 Bd4+ 41. Kg2 Be5 42. Kf2 h4 43. gxh4 Rxh4 44. Kf1 Bf4 45. Kg2 g5 46. Rf1 {The position is equal.} Rh8 47. Bd3 Ke5 48. Re1+ Kxd5 49. Bxf5 Kc5 50. Re7 Kxb5 51. Rxb7 Rh6 52. Re7 Rf6 53. Bd3+ Kb4 54. Bc4 Rd6 55. Re6 Rd2+ 56. Kf3 Bd6 57. Re2 Rd4 58. Re4 Rxe4 {Precision: White = 64%, Black = 61%.} 1/2-1/2

[Event "Oslo Chess Festival 2018"]
[Site "Oslo"]
[Date "2018.10.01"]
[Round "2"]
[White "Ingebretsen, Jens E"]
[Black "Pavlovic, Milos"]
[Result "0-1"]
[WhiteElo "2160"]
[BlackElo "2481"]
[Annotator "TA"]
[PlyCount "54"]
[EventDate "2018.09.30"]
[EventCountry "NOR"]
[SourceTitle "playchess.com"]
[Source "ChessBase"]
[SourceQuality "1"]

{[%evp 10,54,37,37,37,37,37,42,43,40,60,31,26,31,32,37,50,32,25,33,43,19,43,42,292,231,310,317,322,130,168,170,324,156,161,-172,-172,-454,-431,-435,-442,-553,-572,-567,-593,-608,-570]} 1. e4 c5 2. Nf3 a6 3. c3 {[%cal Bc2c3,Bc3d4][%mdl 32]} e6 4. d4 d5 5. e5 Bd7 6. Bd3 cxd4 {B28: Sicilian: 2 Nf3 a6 (O'Kelly Variation)} 7. cxd4 Bb5 8. Bc2 Bb4+ {White is slightly better.} 9. Bd2 a5 10. a3 (10. Nc3 $5 {[%cal Rc3b5]} Ba6 11. a4 $14) 10... Bxd2+ 11. Qxd2 Nd7 $146 ({Predecessor:} 11... Ne7 12. Nc3 Ba6 13. h4 h6 14. Rh3 {1-0 (46) Eliseev,U (2582)-Artemiev,V (2673) Moscow 2016}) 12. Nc3 $36 {[%mdl 2048] Black is under pressure.} Ba6 13. Ng5 h6 14. Nxe6 fxe6 15. Bg6+ Ke7 {And now ...Qb6 would win.} 16. Qf4 {[%csl Gg6][%cal Rf4f7][%mdl 1024] White has compensation.} Qb6 $2 {[#]} (16... Ngf6 $14) 17. Na4 $1 $18 ({Wrong is} 17. Qf7+ $2 Kd8 $19) 17... Qc6 {aiming for ...Kd8.} 18. Rc1 Bc4 {Black wants to play ...Kd8.} 19. Qh4+ (19. Qf7+ $18 Kd8 20. Qe8+ (20. Qxg7 Qxa4 21. Qxh8 Kc7 $16) 20... Kc7 21. Qxa8 Qxa4 22. Bc2) 19... Ngf6 $16 20. b3 Qb5 $2 {[#]} (20... Rac8) 21. bxc4 (21. exf6+ $18 {is the precise move to win.} gxf6 22. bxc4 Qxa4 23. cxd5) 21... Qxa4 22. cxd5 $4 {[%mdl 8192]} (22. O-O $18 {avoids the disaster.}) 22... Nxe5 $1 $19 23. Bc2 $2 (23. Rc7+ {was the only chance.} Kf8 24. Bc2 Qxa3 25. O-O Nxd5 26. Rxb7) 23... Qxa3 {Black is clearly winning.} 24. O-O g5 25. Qg3 Qxg3 26. fxg3 Nc4 27. dxe6 Ne3 {Precision: White = 26%, Black = 53%.} 0-1